Úlohy controllingu v podniku

Úlohy kontrolingu v oblasti plánovania a rozpočtovania, účtovníctva, kontroly. Zoznam úloh tak, ako ich definuje Medzinárodné združenie pre kontroling. Nástroje kontrolingu v jednotlivých fázach riadenia.

Saved in:
Bibliographic Details
Main Author: Tkáč, Karel
Other Authors: Foltínová, Alžbeta
Format: Book Chapter
Language:Czech
Subjects:
Tags: Add Tag
No Tags, Be the first to tag this record!

MARC

LEADER 00000nla a2200000 4500
001 0186688
005 20240522124606.3
041 0 |a cze 
044 |a SK 
245 1 0 |a Úlohy controllingu v podniku  |c Karel Tkáč, Alžbeta Foltínová 
520 |a Úlohy kontrolingu v oblasti plánovania a rozpočtovania, účtovníctva, kontroly. Zoznam úloh tak, ako ich definuje Medzinárodné združenie pre kontroling. Nástroje kontrolingu v jednotlivých fázach riadenia. 
610 2 0 |a kontroling podnikový 
610 2 0 |a kontroling finančný 
610 2 0 |a plánovanie 
610 2 0 |a rozpočtovanie 
610 2 0 |a účtovníctvo 
610 2 0 |a systémy informačné organizácií 
100 1 |a Tkáč, Karel 
700 1 |a Foltínová, Alžbeta